|
|
|
|
| LEADER |
00000nab a2200000 ar4500 |
| 001 |
vtls009310350 |
| 003 |
SK-MaSNL |
| 005 |
20260303054612.0 |
| 008 |
080709c2008 xo zr|p|||||||000 b|slo |
| 015 |
|
|
|a SNBRB2008/07
|2 snkbucl
|
| 038 |
|
|
|a SNKBUCL
|
| 040 |
|
|
|a SNKBUCL
|b slo
|c SNKBUCL
|e AACR2
|
| 041 |
0 |
|
|a slo
|
| 044 |
|
|
|a xo
|c SK
|
| 080 |
|
|
|a 657.478.8
|2 2001
|
| 100 |
1 |
|
|a Turóciová, Jana
|4 aut
|9 310666
|
| 245 |
1 |
0 |
|a Časové rozlíšenie v účtovníctve podnikateľov
|c Jana Turóciová
|
| 300 |
|
|
|b Tab.
|
| 650 |
0 |
7 |
|a náklady
|2 snkbucl
|9 2318
|
| 650 |
0 |
7 |
|a výnosy
|2 snkbucl
|9 13504
|
| 650 |
0 |
7 |
|a Časové rozlíšenie
|2 snkbucl
|9 1048829
|
| 773 |
0 |
|
|t Daňový a účtovný poradca podnikateľa
|g Č. 10 (2008), s. 64-76
|x 1335-0897
|
| 852 |
|
|
|a SNK
|b KIS3GCP
|
| 999 |
|
|
|c 1723948
|d 1725878
|